NLSUI OPAC header image

Statutes on family law (Record no. 14197)

MARC details
000 -LEADER
fixed length control field 00388nam a2200157Ia 4500
008 - FIXED-LENGTH DATA ELEMENTS--GENERAL INFORMATION
fixed length control field 160316s1996 xxu||||| |||| 00| 0 eng d
082 ## - DEWEY DECIMAL CLASSIFICATION NUMBER
Classification number 346.016000
Item number OLD-2
100 ## - MAIN ENTRY--PERSONAL NAME
Personal name Oldham Mika
245 ## - TITLE STATEMENT
Title Statutes on family law
250 ## - EDITION STATEMENT
Edition statement 5th
260 ## - PUBLICATION, DISTRIBUTION, ETC.
Place of publication, distribution, etc. London
Name of publisher, distributor, etc. Blackstone Press Pvt. Ltd.
Date of publication, distribution, etc. 1996
300 ## - PHYSICAL DESCRIPTION
Extent 474p
Other physical details
Dimensions iii
365 ## - TRADE PRICE
Price amount
650 ## - SUBJECT ADDED ENTRY--TOPICAL TERM
Topical term or geographic name entry element 1. Family Laws - UK
700 ## - ADDED ENTRY--PERSONAL NAME
Personal name
--
Holdings
Withdrawn status Lost status Damaged status Not for loan Home library Current library Shelving location Date acquired Total Checkouts Full call number Barcode Date last seen Price effective from Koha item type
        . . Xerox Bound Volumes 30.05.2017   346.016 OLD-2 XB531 30.05.2017 30.05.2017 Rare collections